Stability of dynamic systems with examples and solved problems = Ổn định của các hệ động lực với các ví dụ và bài toán kèm theo lời giải

Sách xuất bản chủ yếu để rèn luyện người đọc cách học từ chuyên môn và dịch thuật sách cơ học.

Bewaard in:
Bibliografische gegevens
Hoofdauteur: Nguyễn, Văn Đạo
Formaat: Boek
Taal:Undetermined
Gepubliceerd in: Hà Nội Đại học Quốc gia Hà Nội 1998
Onderwerpen:
Tags: Voeg label toe
Geen labels, Wees de eerste die dit record labelt!
Thư viện lưu trữ: Trung tâm Học liệu Trường Đại học Cần Thơ
LEADER 00875nam a2200205Ia 4500
001 CTU_42100
008 210402s9999 xx 000 0 und d
082 |a 531.1 
082 |b Đ108 
100 |a Nguyễn, Văn Đạo 
245 0 |a Stability of dynamic systems with examples and solved problems = 
245 0 |b Ổn định của các hệ động lực với các ví dụ và bài toán kèm theo lời giải 
245 0 |c Nguyễn Văn Đạo 
260 |a Hà Nội 
260 |b Đại học Quốc gia Hà Nội 
260 |c 1998 
520 |a Sách xuất bản chủ yếu để rèn luyện người đọc cách học từ chuyên môn và dịch thuật sách cơ học. 
650 |a Dynamics,Mechanics,Statics 
904 |i Trọng Hải 
980 |a Trung tâm Học liệu Trường Đại học Cần Thơ